LEADER 07772nam 2200553 450 001 9910484271803321 005 20220706125240.0 010 $a3-030-47005-9 035 $a(CKB)4100000011807081 035 $a(MiAaPQ)EBC6531825 035 $a(Au-PeEL)EBL6531825 035 $a(OCoLC)1247678786 035 $a(PPN)254724396 035 $a(EXLCZ)994100000011807081 100 $a20211019d2021 uy 0 101 0 $aeng 135 $aurcnu|||||||| 181 $ctxt$2rdacontent 182 $cc$2rdamedia 183 $acr$2rdacarrier 200 00$aComparative atlas of endoscopic ear surgery $etraining techniques based on an ovine model /$fMarco Bonali, Livio Presutti, Daniele Marchioni, editors 210 1$aCham, Switzerland :$cSpringer,$d[2021] 210 4$d©2021 215 $a1 online resource (xvi, 322 pages) $cillustrations 311 $a3-030-47004-0 320 $aIncludes bibliographical references. 327 $aIntro -- Foreword -- Preface -- Acknowledgements -- Contents -- List of Videos -- 1: Hints and Pitfalls: How to Start Endoscopic Ear Surgery Training -- 1.1 Introduction -- 1.2 Proposal of a Training Programme: Principles and General Features -- 1.3 Application of the Staged Training Programme to the Ovine Model -- References -- 2: Surgical Instruments and Preparation of the Specimen -- 2.1 Introduction -- 2.2 Identification, Application, and Validation of the Surgical Model -- 2.3 Preparation of the Specimen and Setting (Fig. 2.1: Video 2.1) -- 2.3.1 Setting of the Dissection Lab -- 2.4 Surgical Instruments -- References -- 3: Comparative Anatomy and Radiology: Human vs. Ovine Model -- 3.1 Introduction (Fig. 3.1) -- 3.2 External Auditory Canal and Tympanic Membrane (Figs. 3.2, 3.3, 3.4, and 3.5) -- 3.3 Ossicular Chain (Figs. 3.6, 3.7, 3.8, 3.9, 3.10, and 3.11) -- 3.3.1 Malleus -- 3.3.2 Incus -- 3.3.3 Stapes -- 3.4 Mesotympanum (Figs. 3.12 and 3.13) -- 3.5 Retrotympanum (Figs. 3.14, 3.15, 3.16, and 3.17) -- 3.6 Epitympanum (Figs. 3.18, 3.19, 3.20, 3.21, and 3.22) -- 3.7 Protympanum (Figs. 3.23, 3.24, and 3.25) -- 3.8 Hypotympanum (Figs. 3.26, 3.27, and 3.28) -- 3.9 Facial Nerve (Figs. 3.29, 3.30, 3.31, and 3.32) -- 3.10 Internal Auditory Canal (Figs. 3.33, 3.34, and 3.35) -- 3.11 Take Home Messages -- References -- 4: Myringotomy and Transtympanic Ventilation Tube Positioning -- 4.1 Introduction -- 4.2 Indications -- 4.3 Surgical Steps in Human Procedure -- 4.3.1 Patient Positioning and Surgical Setting (Fig. 4.1) -- 4.3.1.1 Step 1: Exploration of the Tympanic Membrane and Incision (Fig. 4.2) -- 4.3.1.2 Step 2: Suction (Fig. 4.3) -- 4.3.1.3 Step 3: Ventilation Tube Positioning and Insertion (Figs. 4.4 and 4.5) -- 4.4 Hints and Pitfalls (Human) -- 4.5 Surgical Steps on Ovine Model. 327 $a4.5.1 Surgical Instrumentations (Figs. 4.6, 4.7, and 4.8) -- 4.5.2 Surgical Steps (Fig. 4.9: Video 4.1) -- 4.5.2.1 Step 1: Incision (Figs. 4.10, 4.11, 4.12, 4.13, 4.14, and 4.15) -- 4.5.2.2 Step 2: Suction (Fig. 4.16) -- 4.5.2.3 Step 3: Ventilation Tube Positioning (Figs. 4.17, 4.18, 4.19, 4.20, 4.21, 4.22, 4.23, 4.24, 4.25, 4.26, and 4.27) -- 4.5.2.4 Step 4: Ventilation Tube Removal (Fig. 4.28) -- 4.6 Hints and Pitfalls (Ovine) -- 4.7 Take Home Messages -- References -- 5: Endoscopic Approach to the Tympanic Cavity: Tympanomeatal Flap and Canalplasty -- 5.1 Introduction [1-3] -- 5.2 Indications -- 5.3 Surgical Steps in Human Procedure -- 5.3.1 Patient Positioning and Surgical Setting (Fig. 5.1) -- 5.3.1.1 Canalplasty: Exostoses/Osteomas Removal -- 5.3.1.2 Special Application: Atticotomy (Figs. 5.15 and 5.16) -- 5.4 Hints and Pitfalls (Human) -- 5.5 Surgical Steps on Ovine Model -- 5.5.1 Surgical Instrumentations (Figs. 5.17, 5.18, 5.19, and 5.20) -- 5.5.2 Surgical Steps (Fig. 5.21: Video 5.1) -- 5.6 Hints and Pitfalls (Ovine) -- 5.7 Take Home Messages -- References -- 6: Myringoplasty -- 6.1 Introduction -- 6.2 Indications and Contraindications -- 6.2.1 Indications -- 6.2.2 Contraindications -- 6.3 Surgical Steps in Human Procedure -- 6.3.1 Patient Positioning and Surgical Setting (Fig. 6.1) -- 6.3.2 Surgical Steps -- 6.4 Hints and Pitfalls (Human) -- 6.5 Surgical Steps on Ovine Model -- 6.5.1 Surgical Instrumentations (Figs. 6.20, 6.21, and 6.22) -- 6.5.2 Surgical Steps (Fig. 6.23: Video 6.1) -- 6.6 Hints and Pitfalls (Ovine) -- 6.7 Take Home Messages -- References -- 7: Ossiculoplasty -- 7.1 Introduction -- 7.2 Indications and Contraindications -- 7.2.1 Indications -- 7.2.2 Contraindications -- 7.3 Surgical Steps in Human Procedure -- 7.3.1 Patient Positioning and Surgical Setting (Fig. 7.1). 327 $a7.3.2 Surgical Steps -- 7.4 Hints and Pitfalls -- 7.5 Surgical Steps on Ovine Model -- 7.5.1 Surgical Instrumentation (Figs. 7.16, 7.17, and 7.18) -- 7.5.2 Surgical Steps (Fig. 7.19: Video 7.1) -- 7.6 Hints and Pitfalls -- 7.7 Take Home Message -- References -- 8: Stapes Surgery -- 8.1 Introduction -- 8.2 Indications -- 8.3 Contraindications -- 8.4 Surgical Steps in Human Procedure -- 8.4.1 Patient Positioning and Surgical Setting (Fig. 8.1) -- 8.4.2 Surgical Steps -- 8.5 Hints and Pitfalls (Human) -- 8.6 Surgical Steps on Ovine Model -- 8.6.1 Surgical Instrumentation (Figs. 8.11, 8.12, and 8.13) -- 8.6.2 Surgical Steps (Fig. 8.15: Video 8.1) -- 8.6.2.1 Stapedotomy -- 8.6.2.2 Stapedectomy -- 8.7 Hints and Pitfalls (Ovine) -- 8.8 Take Home Messages -- References -- 9: Round Window Dissection and Cochlear Implantation -- 9.1 Introduction -- 9.2 Indications [2-4] -- 9.3 Surgical Steps in Human Procedure -- 9.3.1 Transmastoid Posterior Tympanotomy Approach -- 9.3.1.1 Surgical Steps -- 9.3.2 Endoscope-Assisted Cochlear Implantation (Suprameatal Approach) -- 9.3.2.1 Endoscopic Steps -- Patient Positioning and Surgical Setting (Fig. 9.1) -- 9.3.2.2 Microscopic Steps -- Step 6: Microscopic Suprameatal Approach (Figs. 9.9 and 9.10) -- 9.3.3 Robotic-Assisted Cochlear Implantation -- 9.4 Hints and Pitfalls (Human) -- 9.4.1 Transmastoid Posterior Tympanotomy Approach -- 9.4.2 Endoscopic-Assisted Cochlear Implantation (Suprameatal Approach) -- 9.5 Surgical Steps on the Ovine Model -- 9.5.1 Surgical Instrumentation (Figs. 9.11, 9.12 and 9.13) -- 9.5.2 Surgical Steps (Fig. 9.15: Video 9.1 and Fig. 9.16: Video 9.2) -- 9.6 Hints and Pitfalls (Ovine) -- 9.7 Take Home Messages -- References -- 10: Approach to Internal Auditory Canal -- 10.1 Introduction -- 10.2 Indications and Contraindications -- 10.2.1 Indications. 327 $a10.2.2 Contraindications -- 10.3 Surgical Steps in Human Procedure -- 10.3.1 Patient Positioning and Surgical Setting (Fig. 10.1) -- 10.3.2 Surgical Steps -- 10.4 Hints and Pitfalls (Human) -- 10.5 Surgical Steps in the Ovine Model -- 10.5.1 Surgical Instrumentation (Figs. 10.23, 10.24, and 10.25) -- 10.5.2 Surgical Steps (Fig. 10.26: Video 10.1) -- 10.6 Hints and Pitfalls (Ovine) -- 10.7 Take Home Messages -- References. 606 $aEar$xEndoscopic surgery 606 $aOrella$2thub 606 $aCirurgia endoscòpica$2thub 608 $aAtles (Científic)$2thub 608 $aLlibres electrònics$2thub 615 0$aEar$xEndoscopic surgery. 615 7$aOrella 615 7$aCirurgia endoscòpica 676 $a617.8059 702 $aBonali$b Marco 702 $aPresutti$b Livio 702 $aMarchioni$b Daniele 801 0$bMiAaPQ 801 1$bMiAaPQ 801 2$bMiAaPQ 906 $aBOOK 912 $a9910484271803321 996 $aComparative Atlas of Endoscopic Ear Surgery$92803417 997 $aUNINA LEADER 05089nam 22007695 450 001 9910557653903321 005 20240424225710.0 010 $a3-11-044976-5 010 $a3-11-045220-0 024 7 $a10.1515/9783110452204 035 $a(CKB)3710000000519876 035 $a(EBL)4338509 035 $a(SSID)ssj0001596386 035 $a(PQKBManifestationID)16295623 035 $a(PQKBTitleCode)TC0001596386 035 $a(PQKBWorkID)14884485 035 $a(PQKB)10009318 035 $a(MiAaPQ)EBC4338509 035 $a(DE-B1597)459478 035 $a(OCoLC)979746321 035 $a(DE-B1597)9783110452204 035 $a(oapen)https://directory.doabooks.org/handle/20.500.12854/69836 035 $a(PPN)202111156 035 $a(EXLCZ)993710000000519876 100 $a20200623h20152016 fg 101 0 $ager 135 $aur|n|---||||| 181 $ctxt 182 $cc 183 $acr 200 14$aDie Macht der Wirkungsannahmen $eMedienarbeit des britischen und deutschen Militärs in der ersten Hälfte des 20. Jahrhunderts /$fChristian Götter; German Historical Institute 210 $cDe Gruyter$d2016 210 1$aMünchen ;$aWien : $cDe Gruyter Oldenbourg, $d[2015] 210 4$d©2016 215 $a1 online resource (374 p.) 225 0 $aVeröffentlichungen des Deutschen Historischen Instituts London/ Publications of the German Historical Institute London ;$v77 300 $aDescription based upon print version of record. 311 $a3-11-044824-6 327 $tFrontmatter -- $tInhalt -- $t1. Einleitung: Militärische Medienbeziehungen -- $t2. Eine neue Art der Krisenbewältigung (um 1900?1914) -- $t3. Medienarbeit für die Verschwiegenheit ? Ein Exkurs zur Informationssicherheit -- $t4. Der Stellungskrieg als Wachstumsbeschleuniger (1914?1918) -- $t5. Kompetenzkonflikte mit unerwarteten Folgen ? Ein Exkurs zum Konflikt von Militär und Politik -- $t6. Durch Alltag zu Aufrüstung (1918?1939) -- $t7. Medienarbeit als Kriegsalltag (1939?1945) -- $t8. Fazit: Medienarbeit ohne Grenzen (nach 1945) -- $tDank -- $tAbkürzungsverzeichnis -- $tPersonenübersicht (Auswahl) -- $tQuellen- und Literaturverzeichnis -- $tNamenregister -- $tAbstract 330 $aDie Studie beleuchtet die Interaktion zwischen Militär und Medien aus der militärischen Perspektive. Der diachron und synchron aufgebaute Vergleich berücksichtigt die Kriegs- wie Friedenszeiten der ersten Hälfte des 20. Jahrhunderts gleichermaßen und betont Kontinuitätslinien, aber auch Veränderungen. Gemeinsamkeiten und Unterschiede in der Medienarbeit der britischen und deutschen Streitkräfte werden ebenso herausgearbeitet wie Interaktionen in einem transnationalen militärischen Raum. Der Fokus der kulturgeschichtlichen Arbeit liegt auf den Wahrnehmungen, Erfahrungen und Erwartungen der militärischen Spitzen. Deren Interaktion mit zivilen Regierungsstellen und Parlamenten wird ebenso beleuchtet wie der Aufbau militäreigener Medienspezialisten vor dem Hintergrund der wachsenden Werbe- und PR-Wirtschaft. Ein an die Kommunikationswissenschaften angelehntes Modell militärischer Medienstrategien erlaubt die These, dass es letztlich die Medienwirkungsannahmen eben jener führenden Soldaten waren, die hinter den wesentlichen Dynamiken der militärischen Medienbeziehungen im Zeitalter der Weltkriege standen. 330 $aThe collaboration between the military and the media that we know today was developed in the first half of the 20th century. This study shows that military leaders were primarily interested in the media because they hoped to achieve objectives that would otherwise be beyond their capacities: they wanted to influence populations, parliaments, and governments ? in times of war and peace. 410 0$aVero?ffentlichungen des Deutschen Historischen Instituts in London ;$vBand 77. 606 $aArmed Forces and mass media$zGreat Britain$xHistory$y20th century 606 $aArmed Forces and mass media$zGermany$xHistory$y20th century 606 $aPropaganda, British 606 $aPropaganda, German 607 $aGreat Britain$xArmed Forces$xPress coverage$xHistory$y20th century 607 $aGermany$xArmed Forces$xPress coverage$xHistory$y20th century 607 $aGreat Britain$xArmed Forces$xPublic relations$xHistory$y20th century 607 $aGermany$xArmed Forces$xPublic relations$xHistory$y20th century 610 $aPropaganda 610 $aMilitary 610 $aMedia 610 $aCensorship 615 0$aArmed Forces and mass media$xHistory 615 0$aArmed Forces and mass media$xHistory 615 0$aPropaganda, British. 615 0$aPropaganda, German. 676 $a070.44935500941 700 $aGötter$b Christian, $4aut$4http://id.loc.gov/vocabulary/relators/aut$01217052 702 $aGerman Historical Institute$b , $4edt$4http://id.loc.gov/vocabulary/relators/edt 801 0$bDE-B1597 801 1$bDE-B1597 906 $aBOOK 912 $a9910557653903321 996 $aDie Macht der Wirkungsannahmen$92814469 997 $aUNINA